[Event "Moscow Open A 2014"]
[Site "Moscow RUS"]
[Date "2014.02.06"]
[Round "6.15"]
[White "Frolyanov, Dmitry"]
[Black "Iljiushenok, Ilia"]
[Result "1/2-1/2"]
[WhiteTitle "GM"]
[WhiteElo "2577"]
[BlackElo "2426"]
[WhiteFideId "4151976"]
[BlackFideId "24105074"]
[EventDate "2014.02.01"]

1. e4 e5 2. Nf3 Nc6 3. Bb5 f5 4. Nc3 fxe4 5. Nxe4 Nf6 6. Nxf6+ Qxf6 7. Qe2 Be7
8. Bxc6 bxc6 9. Nxe5 Qe6 10. Qe3 O-O 11. O-O c5 12. Nf3 Qf7 13. Ng5 Bxg5 14.
Qxg5 Bb7 15. b3 Rae8 16. Bb2 Re6 17. f3 Rg6 18. Qe3 Bxf3 19. Rf2 Qd5 20. Raf1
Rxg2+ 21. Rxg2 Bxg2 22. Rxf8+ Kxf8 23. Qf4+ Ke8 24. Qxc7 Be4 25. Qg3 Bxc2 26.
Bxg7 d6 27. Qf4 Qe6 28. Kf2 Be4 29. Bc3 Kd7 30. Qf6 Qxf6+ 31. Bxf6 Ke6 32. Bc3
a6 33. b4 Kd5 34. bxc5 dxc5 35. Ke3 Bb1 36. a4 Bc2 37. a5 Bg6 38. Kf4 c4 39. Ke3
Bd3 40. Kf4 Bg6 41. Ke3 1/2-1/2

[Event "Moscow Open A 2014"]
[Site "Moscow RUS"]
[Date "2014.02.07"]
[Round "7.1"]
[White "Bartel, Mateusz"]
[Black "Ponkratov, Pavel"]
[Result "1/2-1/2"]
[WhiteTitle "GM"]
[BlackTitle "GM"]
[WhiteElo "2651"]
[BlackElo "2611"]
[WhiteFideId "1112635"]
[BlackFideId "4157800"]
[EventDate "2014.02.01"]

1. e4 e6 2. d4 d5 3. Nc3 Nf6 4. Bg5 dxe4 5. Nxe4 Be7 6. Bxf6 gxf6 7. Bc4 b6 8.
Nf3 Bb7 9. Qe2 Nd7 10. O-O-O c6 11. Rhe1 Qc7 12. Nc3 O-O-O 13. d5 cxd5 14. Bxd5
Nc5 15. Kb1 a6 16. Bxb7+ Qxb7 17. Nd4 Rd7 18. Nf5 Rxd1+ 19. Nxd1 Bf8 20. Qh5 h6
21. Qh4 Nd7 22. Nfe3 Bc5 23. Qg3 h5 24. Qg7 Rf8 25. Nc3 f5 26. a3 Qc7 27. g3 h4
28. Rd1 Qe5 29. Qg5 hxg3 30. hxg3 b5 31. Qh4 Rh8 32. Qg5 Rf8 33. Qh4 Rh8 34. Qg5 1/2-1/2

[Event "Moscow Open A 2014"]
[Site "Moscow RUS"]
[Date "2014.02.07"]
[Round "7.2"]
[White "Khairullin, Ildar"]
[Black "Jumabayev, Rinat"]
[Result "1/2-1/2"]
[WhiteTitle "GM"]
[BlackTitle "GM"]
[WhiteElo "2651"]
[BlackElo "2564"]
[WhiteFideId "4151348"]
[BlackFideId "13702661"]
[EventDate "2014.02.01"]

1. e4 c5 2. Nf3 e6 3. d4 cxd4 4. Nxd4 Nc6 5. Nc3 Qc7 6. Be3 a6 7. Qd2 Nf6 8.
O-O-O Be7 9. f3 b5 10. g4 Nxd4 11. Bxd4 Bb7 12. g5 Nh5 13. Be5 Qxe5 14. Qxd7+
Kf8 15. Qxb7 Qb8 16. Rd7 Qxb7 17. Rxb7 g6 18. a4 b4 19. Na2 Bxg5+ 20. Kb1 a5 21.
Bc4 Nf4 22. Rd1 Rd8 23. Rxd8+ Bxd8 24. Nc1 h5 25. Nd3 Nxd3 26. cxd3 g5 27. d4 g4
28. Be2 Bf6 29. e5 Bh4 30. fxg4 hxg4 31. Rb8+ Kg7 32. Rxh8 Kxh8 33. Bxg4 Bf2 34.
d5 exd5 35. e6 fxe6 36. Bxe6 d4 37. Kc2 Kg7 38. Kd3 Kf6 39. Bg4 Ke5 40. b3 Bh4
41. h3 1/2-1/2

[Event "Moscow Open A 2014"]
[Site "Moscow RUS"]
[Date "2014.02.07"]
[Round "7.3"]
[White "Matlakov, Maxim"]
[Black "Grachev, Boris"]
[Result "1/2-1/2"]
[WhiteTitle "GM"]
[BlackTitle "GM"]
[WhiteElo "2690"]
[BlackElo "2669"]
[WhiteFideId "4168003"]
[BlackFideId "4129199"]
[EventDate "2014.02.01"]

1. c4 e6 2. g3 d5 3. Bg2 Nf6 4. Nf3 dxc4 5. Qa4+ Bd7 6. Qxc4 c5 7. Ne5 Qc8 8.
O-O Nc6 9. Nxd7 Qxd7 10. Nc3 Be7 11. Qa4 Rc8 12. d3 O-O 13. Bd2 Rfd8 14. Rfd1 b6
15. Rac1 h6 16. Be1 Qb7 17. e3 a6 18. Ne4 Nd5 19. a3 Ne5 20. Nc3 Nd7 21. Nxd5
exd5 22. b4 b5 23. Qa5 Nb6 24. bxc5 Bxc5 25. Bh3 Rc7 26. Rc2 Bd6 27. Rdc1 Rxc2
28. Rxc2 Re8 29. Qc3 Na4 30. Qc6 Qxc6 31. Rxc6 Bxa3 32. Rxa6 Rb8 33. Ra5 Bb2 34.
Bd7 Bc3 35. Rxb5 Rxb5 36. Bxb5 Bxe1 37. Bxa4 d4 38. exd4 Kf8 39. Kf1 Bc3 40. d5
Ke7 41. Ke2 1/2-1/2

[Event "Moscow Open A 2014"]
[Site "Moscow RUS"]
[Date "2014.02.07"]
[Round "7.4"]
[White "Prizant, Jaroslav"]
[Black "Moiseenko, Alexander"]
[Result "0-1"]
[WhiteTitle "IM"]
[BlackTitle "GM"]
[WhiteElo "2534"]
[BlackElo "2710"]
[WhiteFideId "4140664"]
[BlackFideId "14102560"]
[EventDate "2014.02.01"]

1. e4 c5 2. Nf3 Nc6 3. d4 cxd4 4. Nxd4 Nf6 5. Nc3 e5 6. Ndb5 d6 7. Bg5 a6 8. Na3
b5 9. Nd5 Be7 10. Bxf6 Bxf6 11. c3 Bg5 12. Nc2 O-O 13. a4 bxa4 14. Rxa4 Rb8 15.
Ra2 Ne7 16. Bc4 Nxd5 17. Bxd5 a5 18. O-O Kh8 19. Qe2 f5 20. exf5 Bxf5 21. Ne3
Bd7 22. Rd1 a4 23. Be4 Qb6 24. Bc2 Rxf2 25. Kxf2 Bxe3+ 26. Ke1 Rf8 27. Rd3 Bf4
28. Rf3 Qg1+ 29. Qf1 Qxh2 30. Kd1 Bg4 31. Be4 d5 32. Bxd5 Rd8 33. Rxa4 Rxd5+ 0-1

[Event "Moscow Open A 2014"]
[Site "Moscow RUS"]
[Date "2014.02.07"]
[Round "7.5"]
[White "Popov, Ivan RUS"]
[Black "Kabanov, Nikolai"]
[Result "1-0"]
[WhiteTitle "GM"]
[BlackTitle "GM"]
[WhiteElo "2653"]
[BlackElo "2501"]
[WhiteFideId "4170350"]
[BlackFideId "4127820"]
[EventDate "2014.02.01"]

1. e4 c6 2. d4 d5 3. Nd2 dxe4 4. Nxe4 Nf6 5. Nxf6+ gxf6 6. c3 h5 7. Bc4 Nd7 8.
Qb3 e6 9. Qc2 Nb6 10. Bb3 c5 11. dxc5 Bxc5 12. Bf4 e5 13. Be3 Bxe3 14. fxe3 Qd6
15. Nf3 h4 16. Rd1 Qc6 17. O-O h3 18. Bxf7+ Ke7 19. Qg6 hxg2 20. Rf2 Rd8 21.
Rxd8 Kxd8 22. h4 Bd7 23. h5 Kc7 24. h6 Nd5 25. Bxd5 Qxd5 26. Qxf6 Qd1+ 27. Kxg2
Rg8+ 28. Kh2 Qb1 29. Rd2 1-0

[Event "Moscow Open A 2014"]
[Site "Moscow RUS"]
[Date "2014.02.07"]
[Round "7.6"]
[White "Sivuk, Vitaly"]
[Black "Krasenkow, Michal"]
[Result "1/2-1/2"]
[WhiteTitle "IM"]
[BlackTitle "GM"]
[WhiteElo "2507"]
[BlackElo "2638"]
[WhiteFideId "14116502"]
[BlackFideId "1113100"]
[EventDate "2014.02.01"]

1. e4 c5 2. Nf3 Nc6 3. Bb5 e6 4. O-O Nge7 5. d4 cxd4 6. Nxd4 Ng6 7. Be3 Be7 8.
Be2 O-O 9. c4 Nxd4 10. Qxd4 b6 11. Nc3 Bb7 12. Rad1 Bc6 13. Qd2 Bf6 14. b4 a6
15. a4 Bxc3 16. Qxc3 Bxa4 17. Rd6 Bc6 18. Qd4 b5 19. f4 Re8 20. Rf3 e5 21. fxe5
Nxe5 22. Rg3 Ng6 23. Rg4 Qe7 24. Bf3 Qe5 25. h4 bxc4 26. h5 Qxd4 27. Bxd4 Ne5
28. Rg5 Nxf3+ 29. gxf3 g6 30. Kf2 Rab8 31. Bc3 Rb5 32. Rxb5 axb5 33. h6 Ra8 34.
Rd1 f5 35. exf5 Ra3 36. Rc1 gxf5 37. Ke3 Kf7 38. Kf4 Kg6 39. Rc2 Kf7 40. Rc1 d6
41. Rc2 d5 42. Ke5 Bb7 43. Rg2 Rxc3 44. Rg7+ Kf8 45. Rxb7 Rxf3 46. Kxd5 Rd3+ 47.
Ke6 Re3+ 48. Kxf5 Re7 49. Rxb5 Rc7 50. Ra5 c3 51. Ra1 Kf7 52. Rc1 Rc4 53. Rc2
Rxb4 1/2-1/2

[Event "Moscow Open A 2014"]
[Site "Moscow RUS"]
[Date "2014.02.07"]
[Round "7.7"]
[White "Swiercz, Dariusz"]
[Black "Iljushin, Alexei"]
[Result "1/2-1/2"]
[WhiteTitle "GM"]
[BlackTitle "GM"]
[WhiteElo "2630"]
[BlackElo "2518"]
[WhiteFideId "1126881"]
[BlackFideId "4122178"]
[EventDate "2014.02.01"]

1. d4 d5 2. c4 c6 3. Nc3 Nf6 4. Nf3 a6 5. c5 Bf5 6. Bf4 Nbd7 7. h3 e6 8. e3 Be7
9. Nd2 Bg6 10. Be2 Qc8 11. b4 Bd8 12. O-O Bc7 13. Bxc7 Qxc7 14. f4 Ng8 15. Qe1
Ne7 16. g4 f6 17. Qg3 O-O 18. Rac1 Rae8 19. Kh2 Qb8 20. Nf3 Kh8 21. Nh4 Bf7 22.
Rf2 h6 23. Rcf1 g5 24. Nf3 Kg7 25. Nd2 Bg6 26. Kg2 Bh7 27. fxg5 hxg5 28. Qxb8
Rxb8 29. a4 e5 30. Nf3 Ng6 31. dxe5 Ngxe5 32. Nd4 Rfe8 33. a5 Re7 34. Rh1 Nd3
35. Bxd3 Bxd3 36. Re1 Rbe8 37. Nd1 Be4+ 38. Kg3 Ne5 39. Ref1 Bd3 40. Re1 Nc4 41.
h4 gxh4+ 42. Kxh4 Bg6 43. Kg3 Re4 44. Rfe2 Kf7 45. Nf2 R4e7 46. Kf4 Ne5 47. Rd1
Rg8 48. Rg1 Bd3 49. Ree1 Be4 50. Rd1 Ng6+ 51. Kg3 Ke8 52. Nxe4 Rxe4 53. Nf5 Rxb4
54. Rb1 Rxb1 55. Rxb1 Ne5 56. Nd6+ Kd7 57. Rb4 Ke6 58. Nxb7 f5 59. Rb6 Rxg4+ 60.
Kf2 Kd7 61. Rxa6 Kc7 62. Rb6 Ra4 63. Nd6 Nd3+ 64. Kf3 Nxc5 65. Ne8+ Kd7 66. Nf6+
Kd6 67. Ne8+ Ke5 68. Rxc6 Ne4 69. Nc7 Ng5+ 70. Kg3 Rxa5 71. Kh4 Nf3+ 72. Kg3 Ke4
73. Re6+ Ne5 74. Ne8 f4+ 75. exf4 Ra3+ 76. Kf2 Kxf4 77. Rf6+ Ke4 78. Nd6+ Kd3
79. Rf5 Ng4+ 80. Kf3 Ne3 81. Re5 Kd2 82. Kf4 Rd3 83. Ne4+ dxe4 84. Kxe4 Ng4 85.
Ra5 Nf2+ 86. Kf5 Ke3 87. Ra1 Rd5+ 88. Kg6 Ne4 89. Re1+ Kf4 90. Rf1+ Kg4 91. Rg1+
Ng3 92. Kf6 Kf4 93. Ke6 Rd2 94. Ra1 Ne4 95. Rf1+ Ke3 96. Re1+ Kd4 97. Ra1 Nc5+
98. Kf5 Rf2+ 99. Kg6 Ke5 100. Ra5 Rg2+ 101. Kf7 Kd6 102. Ra1 Rf2+ 103. Kg6 Ne4
104. Ra6+ Ke5 105. Ra5+ Ke6 106. Ra6+ Nd6 107. Kg5 Ke5 1/2-1/2

[Event "Moscow Open A 2014"]
[Site "Moscow RUS"]
[Date "2014.02.07"]
[Round "7.8"]
[White "Ajrapetjan, Yuriy"]
[Black "Kokarev, Dmitry"]
[Result "0-1"]
[WhiteTitle "GM"]
[BlackTitle "GM"]
[WhiteElo "2495"]
[BlackElo "2628"]
[WhiteFideId "14109069"]
[BlackFideId "4132181"]
[EventDate "2014.02.01"]

1. d4 Nf6 2. c4 g6 3. Nc3 Bg7 4. e4 d6 5. Nge2 Nbd7 6. Ng3 h5 7. Be2 e5 8. d5
Qe7 9. Bg5 Bh6 10. Bxh6 Rxh6 11. Qd2 Rh8 12. h4 a5 13. Nf1 Nc5 14. f3 Kf8 15.
Ne3 Bd7 16. Qc2 Kg7 17. O-O-O Rh7 18. Kb1 Rf8 19. g4 hxg4 20. fxg4 Rfh8 21. h5
gxh5 22. gxh5 Nxh5 23. Rdg1+ Kf8 24. Bxh5 Rxh5 25. Rxh5 Rxh5 26. Qg2 Qf6 27.
Qg8+ Ke7 28. Qb8 Na6 29. Qxb7 Qf2 30. Rc1 Nc5 31. Ned1 Qd2 32. Qxc7 Rh1 33. Nb5
Nxe4 34. Nxd6 Qd3+ 35. Ka1 Rxd1 36. Nf5+ Kf6 37. Qd8+ Kxf5 38. Qxd7+ Kf6 39.
Qd8+ Kg7 0-1

[Event "Moscow Open A 2014"]
[Site "Moscow RUS"]
[Date "2014.02.07"]
[Round "7.9"]
[White "Shomoev, Anton"]
[Black "Gabuzyan, Hovhannes"]
[Result "1/2-1/2"]
[WhiteTitle "GM"]
[BlackTitle "GM"]
[WhiteElo "2568"]
[BlackElo "2534"]
[WhiteFideId "4135148"]
[BlackFideId "13303732"]
[EventDate "2014.02.01"]

1. e4 c5 2. Nf3 d6 3. Bb5+ Bd7 4. Bxd7+ Qxd7 5. O-O Nc6 6. c3 Nf6 7. d4 Nxe4 8.
d5 Ne5 9. Nxe5 dxe5 10. Re1 Nf6 11. Rxe5 e6 12. c4 Bd6 13. dxe6 fxe6 14. Re1 Be5
15. Qxd7+ Nxd7 16. Nd2 O-O-O 17. Nf3 Bf6 18. Rb1 Rhe8 19. Ng5 Nf8 20. Bf4 e5 21.
Be3 b6 22. Rbd1 Rxd1 23. Rxd1 Bxg5 24. Bxg5 Ne6 25. Bc1 Nd4 26. Kf1 Kd7 27. Rd3
Ke6 28. Rh3 h6 29. Bd2 Rd8 30. Bc3 a6 31. a4 a5 32. Re3 Kf5 33. f3 h5 34. h4 g6
35. Re4 Nc6 36. Ke2 Rd7 37. Ke1 Re7 38. Ke2 Nd8 39. Kd3 Nf7 40. f4 Re8 41. fxe5
Nxe5+ 42. Rxe5+ Rxe5 43. Bxe5 Kxe5 44. Ke3 1/2-1/2

[Event "Moscow Open A 2014"]
[Site "Moscow RUS"]
[Date "2014.02.07"]
[Round "7.10"]
[White "Mozharov, Mikhail"]
[Black "Predke, Alexandr"]
[Result "1/2-1/2"]
[WhiteTitle "IM"]
[WhiteElo "2564"]
[BlackElo "2477"]
[WhiteFideId "4189825"]
[BlackFideId "24107581"]
[EventDate "2014.02.01"]

1. e4 e5 2. Nf3 Nc6 3. Bb5 a6 4. Ba4 Nf6 5. O-O b5 6. Bb3 Bc5 7. c3 d6 8. d4 Bb6
9. h3 Bb7 10. Re1 h6 11. a4 O-O 12. d5 Ne7 13. axb5 axb5 14. Rxa8 Bxa8 15. Be3
Bxe3 16. Rxe3 c6 17. dxc6 Bxc6 18. Bc2 Qc7 19. Nbd2 Ng6 20. Nf1 Nf4 21. Ng3 g6
22. Qd2 Rd8 23. Re1 d5 24. Qe3 b4 25. exd5 Bxd5 26. Ne4 Bxe4 27. Bxe4 bxc3 28.
bxc3 Kg7 29. c4 Qxc4 30. Nxe5 Qxe4 31. Qxe4 Nxe4 32. Rxe4 Re8 33. Rxf4 Rxe5 34.
g3 h5 35. h4 Re6 36. Ra4 Re5 37. Kg2 Kf6 38. Ra6+ Kg7 39. Ra4 Kf6 40. Ra6+ 1/2-1/2

[Event "Moscow Open A 2014"]
[Site "Moscow RUS"]
[Date "2014.02.07"]
[Round "7.11"]
[White "Gabrielian, Artur"]
[Black "Yandemirov, Valeri"]
[Result "1-0"]
[WhiteTitle "GM"]
[BlackTitle "GM"]
[WhiteElo "2555"]
[BlackElo "2378"]
[WhiteFideId "4131002"]
[BlackFideId "4102622"]
[EventDate "2014.02.01"]

1. e4 e5 2. Nf3 Nc6 3. Bb5 a6 4. Ba4 d6 5. O-O Bd7 6. c3 g6 7. d4 Bg7 8. Re1 h6
9. Bc2 Nf6 10. d5 Ne7 11. c4 O-O 12. Nc3 Nh7 13. a4 f5 14. exf5 gxf5 15. Ra3 Ng6
16. Ne2 Rf7 17. Ng3 e4 18. Nd4 Qh4 19. Ne6 Be5 20. f3 Nhf8 21. fxe4 Nxe6 22.
dxe6 Bxe6 23. exf5 Bxf5 24. Bxf5 Rxf5 25. Nxf5 Qxh2+ 26. Kf2 Rf8 27. Qd5+ Kh8
28. Rf3 Nh4 29. Nxh4 Qxh4+ 30. Ke2 Rg8 31. Kd1 Qh5 32. Bf4 1-0

[Event "Moscow Open A 2014"]
[Site "Moscow RUS"]
[Date "2014.02.07"]
[Round "7.12"]
[White "Potapov, Pavel"]
[Black "Kornev, Alexei"]
[Result "1/2-1/2"]
[WhiteTitle "IM"]
[BlackTitle "GM"]
[WhiteElo "2469"]
[BlackElo "2539"]
[WhiteFideId "4169786"]
[BlackFideId "4120949"]
[EventDate "2014.02.01"]

1. e4 c6 2. d4 d5 3. e5 c5 4. dxc5 Nc6 5. Bb5 e6 6. Be3 Ne7 7. c3 Bd7 8. Bxc6
Bxc6 9. Nf3 Nf5 10. Bd4 a5 11. O-O a4 12. Na3 Nxd4 13. cxd4 b6 14. Rc1 Be7 15.
Qd3 Ra5 16. cxb6 Qxb6 17. Rc2 O-O 18. Rfc1 Bd7 19. h4 h6 20. g3 Ra7 21. Nb1 Rb8
22. Nc3 Rab7 23. Nd1 Qa5 24. Kg2 Bf8 25. Nd2 Bb5 26. Qe3 Qd8 27. Nc3 Bd7 28. Nd1
Bb5 29. Nc3 Bd7 30. Nd1 Bb5 31. Nc3 Bd7 1/2-1/2

[Event "Moscow Open A 2014"]
[Site "Moscow RUS"]
[Date "2014.02.07"]
[Round "7.13"]
[White "Aghasaryan, Robert"]
[Black "Geller, Jakov"]
[Result "1/2-1/2"]
[WhiteTitle "FM"]
[BlackTitle "GM"]
[WhiteElo "2467"]
[BlackElo "2536"]
[WhiteFideId "13302841"]
[BlackFideId "4151984"]
[EventDate "2014.02.01"]

1. d4 d5 2. c4 e6 3. Nf3 Nf6 4. g3 dxc4 5. Bg2 Nc6 6. Qa4 Bb4+ 7. Bd2 Nd5 8.
Bxb4 Nxb4 9. Nc3 Bd7 10. O-O a5 11. Qd1 O-O 12. Nd2 Nxd4 13. Bxb7 Rb8 14. Bg2
Bc8 15. Nxc4 Ba6 16. b3 c5 17. e3 Ndc2 18. Rc1 Bxc4 19. bxc4 Qxd1 20. Rfxd1 Rfd8
21. Rxd8+ Rxd8 22. Ne4 a4 23. Nxc5 a3 24. Be4 Nxa2 25. Rxc2 Rd1+ 26. Kg2 Nb4 27.
Rc3 a2 28. Nb3 f5 29. c5 fxe4 30. c6 Nxc6 31. Rxc6 Rb1 32. Ra6 Rxb3 33. Rxa2 Rb5
34. Ra4 Re5 35. Ra7 h5 36. h3 Kh7 37. g4 hxg4 38. hxg4 Kh6 39. Kg3 g5 40. Kg2
Kg6 41. Kf1 Kf6 42. Ra4 Ke7 43. Rd4 Kf7 44. Ke2 Kf6 45. Ke1 Ke7 46. Kd2 Kf6 47.
Rc4 1/2-1/2

[Event "Moscow Open A 2014"]
[Site "Moscow RUS"]
[Date "2014.02.07"]
[Round "7.14"]
[White "Zimin, Alexey"]
[Black "Shimanov, Aleksandr"]
[Result "0-1"]
[BlackTitle "GM"]
[WhiteElo "2216"]
[BlackElo "2658"]
[WhiteFideId "4168925"]
[BlackFideId "4198603"]
[EventDate "2014.02.01"]

1. e4 c6 2. d4 d5 3. f3 e6 4. Nc3 Bb4 5. a3 Bxc3+ 6. bxc3 dxe4 7. Qe2 c5 8. Qxe4
Nf6 9. Qh4 Nc6 10. dxc5 Qa5 11. Bb2 Qxc5 12. O-O-O e5 13. Bd3 Be6 14. Nh3 h6 15.
Rhe1 O-O-O 16. Nf2 Nd5 17. Ne4 Qa5 18. c4 Nb6 19. Nd2 Na4 20. Nb3 Qc7 21. Ba1 f6
22. Kb1 Na5 23. Nxa5 Qxa5 24. Qf2 Rd6 25. Kc1 Rb6 26. Bf1 Nc3 27. Bxc3 Qxc3 28.
Qc5+ Kb8 29. Re3 Qb2+ 30. Kd2 Rd8+ 31. Rd3 Rc8 32. Qe7 Bf5 33. Rd8 Qxc2+ 34. Ke1
e4 35. R1d2 Qc3 36. Kf2 Rb3 37. Qd6+ Ka8 38. Rxc8+ Bxc8 39. Qd8 Qe3+ 40. Kg3
Qg5+ 41. Kf2 Qc5+ 42. Kg3 Kb8 43. Rd5 Qc7+ 44. Qxc7+ Kxc7 45. Ra5 e3 46. Rc5+
Kb8 47. Rd5 Rxa3 48. Bd3 Ra2 49. Rd8 Rd2 50. f4 Kc7 51. Rd5 Be6 0-1

[Event "Moscow Open A 2014"]
[Site "Moscow RUS"]
[Date "2014.02.07"]
[Round "7.15"]
[White "Socko, Bartosz"]
[Black "Ulko, Jaroslav"]
[Result "1-0"]
[WhiteTitle "GM"]
[BlackTitle "IM"]
[WhiteElo "2663"]
[BlackElo "2438"]
[WhiteFideId "1107038"]
[BlackFideId "4116658"]
[EventDate "2014.02.01"]

1. d4 Nf6 2. c4 e6 3. Nf3 d5 4. Nc3 c6 5. e3 Nbd7 6. Bd3 dxc4 7. Bxc4 b5 8. Bd3
Bd6 9. O-O O-O 10. Qc2 Bb7 11. Rd1 Qb8 12. a3 h6 13. h3 Rc8 14. Qe2 Re8 15. e4
e5 16. Be3 a6 17. Rac1 exd4 18. Nxd4 c5 19. Nf5 Bf8 20. Bb1 Nb6 21. Qf3 Qe5 22.
Ng3 Rad8 23. Ba2 Bd6 24. Rc2 Bc7 25. Rdc1 Rd3 26. Nxb5 Bxe4 27. Nxe4 Qh2+ 28.
Kf1 Rxe4 29. Nxc7 Qxc7 30. Rxc5 Qh2 31. Ke2 Rd6 32. Rf5 Re5 33. g3 Rxf5 34. Qxf5
Qg2 35. Bxb6 1-0

[Event "Moscow Open A 2014"]
[Site "Moscow RUS"]
[Date "2014.02.08"]
[Round "8.1"]
[White "Moiseenko, Alexander"]
[Black "Khairullin, Ildar"]
[Result "1/2-1/2"]
[WhiteTitle "GM"]
[BlackTitle "GM"]
[WhiteElo "2710"]
[BlackElo "2651"]
[WhiteFideId "14102560"]
[BlackFideId "4151348"]
[EventDate "2014.02.01"]

1. d4 Nf6 2. c4 g6 3. Nc3 d5 4. cxd5 Nxd5 5. e4 Nxc3 6. bxc3 Bg7 7. Qa4+ Qd7 8.
Qa3 O-O 9. Nf3 b6 10. Bd3 c5 11. O-O Bb7 12. Bg5 Nc6 13. d5 Na5 14. Rad1 e6 15.
c4 f5 16. Qc1 fxe4 17. Bxe4 exd5 18. Bxd5+ Bxd5 19. cxd5 Rae8 20. Bh6 Rf5 21.
Bxg7 Kxg7 22. h4 Rxd5 23. Rxd5 Qxd5 24. Rd1 Qf5 25. h5 gxh5 26. Rd6 Rf8 27. Qd1
h6 28. Qd2 Rf6 29. Rd5 Qb1+ 30. Kh2 Qe4 31. Rd7+ Kg6 32. Rd6 Rxd6 33. Qxd6+ Kg7
34. Ne5 Qf4+ 1/2-1/2

[Event "Moscow Open A 2014"]
[Site "Moscow RUS"]
[Date "2014.02.08"]
[Round "8.2"]
[White "Grachev, Boris"]
[Black "Gabrielian, Artur"]
[Result "1/2-1/2"]
[WhiteTitle "GM"]
[BlackTitle "GM"]
[WhiteElo "2669"]
[BlackElo "2555"]
[WhiteFideId "4129199"]
[BlackFideId "4131002"]
[EventDate "2014.02.01"]

1. Nf3 c5 2. c4 Nc6 3. g3 e5 4. Bg2 g6 5. Nc3 Bg7 6. d3 d6 7. Nd2 Nge7 8. Nf1
Be6 9. Ne3 Rb8 10. Ned5 O-O 11. O-O a6 12. a4 b6 13. f4 exf4 14. Bxf4 Bxd5 15.
Nxd5 Nxd5 16. Bxd5 Nb4 17. Qd2 Nxd5 18. cxd5 b5 19. Bh6 Bxh6 20. Qxh6 Qe7 21. e4
bxa4 22. Rxa4 Rxb2 23. Qf4 Qd7 24. Rxa6 Qh3 25. Rf2 Rb1+ 26. Rf1 Rb2 27. Rf2
Rb1+ 28. Rf1 1/2-1/2

[Event "Moscow Open A 2014"]
[Site "Moscow RUS"]
[Date "2014.02.08"]
[Round "8.3"]
[White "Kokarev, Dmitry"]
[Black "Popov, Ivan RUS"]
[Result "1/2-1/2"]
[WhiteTitle "GM"]
[BlackTitle "GM"]
[WhiteElo "2628"]
[BlackElo "2653"]
[WhiteFideId "4132181"]
[BlackFideId "4170350"]
[EventDate "2014.02.01"]

1. e4 c6 2. d4 d5 3. Nc3 dxe4 4. Nxe4 Bf5 5. Ng3 Bg6 6. h4 h6 7. Nf3 e6 8. Ne5
Bh7 9. Bc4 Nd7 10. Bf4 Ngf6 11. c3 Be7 12. Nh5 Nxh5 13. Qxh5 Nxe5 14. Bxe5 O-O
15. Qg4 Bf6 16. Bxf6 Qxf6 17. O-O Qf5 18. Qxf5 Bxf5 19. Rfe1 Rfd8 20. Re5 a5 21.
Rae1 Kf8 22. a4 Rd6 23. g3 b6 24. Kg2 Rb8 25. Kg1 Ra8 26. Kg2 Rb8 27. Kg1 Ra8 1/2-1/2

[Event "Moscow Open A 2014"]
[Site "Moscow RUS"]
[Date "2014.02.08"]
[Round "8.4"]
[White "Jumabayev, Rinat"]
[Black "Bartel, Mateusz"]
[Result "1/2-1/2"]
[WhiteTitle "GM"]
[BlackTitle "GM"]
[WhiteElo "2564"]
[BlackElo "2651"]
[WhiteFideId "13702661"]
[BlackFideId "1112635"]
[EventDate "2014.02.01"]

1. d4 e6 2. c4 Bb4+ 3. Bd2 a5 4. g3 Nc6 5. Nf3 d6 6. Bg2 e5 7. d5 Bxd2+ 8. Nfxd2
Nb8 9. c5 dxc5 10. Nc4 f6 11. Qd2 Nh6 12. Nxa5 Nf7 13. Na3 Nd6 14. O-O O-O 15.
N5c4 b6 16. Nxd6 cxd6 17. Nb5 Na6 18. a3 f5 19. Rfc1 Qf6 20. e3 Bd7 21. Bf1 f4
22. exf4 exf4 23. Re1 Rf7 24. Re6 Bxe6 25. dxe6 Qxe6 26. Re1 Qg6 27. Bc4 fxg3
28. hxg3 Kh8 29. Bxf7 Qxf7 30. Nxd6 Qf6 31. Ne8 Qf7 32. Qe2 h6 33. Qe7 Kg8 34.
Nd6 Qf3 35. Re3 Qd1+ 36. Re1 Qf3 37. Qe6+ Kh7 38. Re3 Qd1+ 39. Re1 Qf3 40. Ne8
Ra7 41. Re3 Qd1+ 42. Kg2 Qd8 43. Nd6 Rd7 44. Qf5+ g6 45. Qf3 Nc7 46. Nf7 Qg8 47.
Ne5 Re7 48. Rd3 Qe6 49. Ng4 h5 50. Nh2 Rf7 51. Qe3 Qf6 1/2-1/2

[Event "Moscow Open A 2014"]
[Site "Moscow RUS"]
[Date "2014.02.08"]
[Round "8.5"]
[White "Ponkratov, Pavel"]
[Black "Socko, Bartosz"]
[Result "1-0"]
[WhiteTitle "GM"]
[BlackTitle "GM"]
[WhiteElo "2611"]
[BlackElo "2663"]
[WhiteFideId "4157800"]
[BlackFideId "1107038"]
[EventDate "2014.02.01"]

1. e4 e6 2. d4 d5 3. Nc3 Bb4 4. Ne2 dxe4 5. a3 Be7 6. Nxe4 Nf6 7. Qd3 Nc6 8. Bf4
O-O 9. O-O-O b6 10. N2c3 Nd5 11. Nxd5 exd5 12. Nc3 Be6 13. h4 Bd6 14. Qg3 Bxf4+
15. Qxf4 Ne7 16. h5 h6 17. g4 c5 18. Rg1 Qb8 19. Qd2 Qh2 20. Rg2 Qh4 21. Bd3 Kh8
22. Rdg1 Rg8 23. f4 Qf6 24. g5 hxg5 25. fxg5 Qxd4 26. Nb5 Qe5 27. Re2 Qb8 28. g6
Re8 29. gxf7 Bxf7 30. Qg5 1-0

[Event "Moscow Open A 2014"]
[Site "Moscow RUS"]
[Date "2014.02.08"]
[Round "8.6"]
[White "Gabuzyan, Hovhannes"]
[Black "Matlakov, Maxim"]
[Result "0-1"]
[WhiteTitle "GM"]
[BlackTitle "GM"]
[WhiteElo "2534"]
[BlackElo "2690"]
[WhiteFideId "13303732"]
[BlackFideId "4168003"]
[EventDate "2014.02.01"]

1. d4 Nf6 2. c4 e6 3. g3 c5 4. Nf3 cxd4 5. Nxd4 Qc7 6. b3 Bb4+ 7. Bd2 Bc5 8. Bc3
Ne4 9. Bg2 Nxc3 10. Nxc3 Nc6 11. Nc2 O-O 12. O-O Be7 13. Qd2 a6 14. Rfd1 Rd8 15.
Ne3 Rb8 16. Ne4 d6 17. Rac1 Ne5 18. Nc3 b6 19. f4 Ng6 20. h4 h6 21. Kh2 Bb7 22.
Bh3 Ba8 23. Rf1 Nf8 24. f5 Bxh4 25. Ncd5 exd5 26. cxd5 Qe7 27. gxh4 Qe5+ 28. Kg1
Re8 29. Rf3 Nd7 30. Ng4 Qxe2 31. Qxe2 Rxe2 32. f6 Ne5 33. Rg3 Nxg4 34. Bxg4 Re5
35. Be6 g5 36. hxg5 hxg5 37. Bc8 a5 38. Rc7 Bxd5 39. Rh3 Be4 40. Rh6 Rc5 41. Re7
Rbxc8 42. Rxe4 Re5 43. Rxe5 dxe5 44. Rh5 Rc5 45. Rxg5+ Kf8 46. Rg3 Rc6 47. Rf3
Ke8 48. Rf5 Rc5 49. Kf2 Kd7 50. Ke3 Ke6 51. Ke4 Rd5 52. Rf2 Rd4+ 53. Ke3 Rf4 54.
Rc2 Rxf6 55. Rc6+ Kf5 56. Rc7 Kg6 57. a3 Rd6 58. b4 axb4 59. axb4 Kf6 0-1